000 00694nam a22002177a 4500
999 _c12741
_d12741
003 AR-CdUCM
008 190410b ||||| |||| 00| 0 spa d
040 _aMUNICIPALIDAD PROVINCIAL DEL CUSCO
_cBIBLIOTECA MUNICIPAL DEL CUSCO
082 _aES / 800 /
_bW73
100 _aWiseman, Cardenal
_930772
245 _aFabiola /
260 _aBarcelona :
_bEdiciones I.D.A.G. ;
_c1964.
300 _a206 páginas ;
_bIlustraciones
_c21cm
440 _aColección Auriga
_nSerie Rosa
_930773
505 _aContenido: Novela
650 _aNovela
_95
650 _aLiteratura universal
_9611
710 _aInstituto de Artes Gráficas
_930759
942 _2ddc
_cLIBROS
945 _anom
_d2019-04-10